000
00482nam a2200169Ia 4500
008
090711s9999 xx 000 0 und d
082
_b
77829
100
_a
भोगले प्रभाकर
245
_a
असुनी नाथ
260
_c
1995
300
_a
144
600
_a
भोगले प्रभाकर
630
_a
असुनी नाथ
700
_a
भोगले प्रभाकर
730
_a
असुनी नाथ
942
_c
BOOK
999
_c
301880
_d
301880